La economía como disciplina cientifica (Registro nro. 5624)

Detalles MARC
000 -LEADER
fixed length control field 02658 a2200385 4500
001 - CONTROL NUMBER
control field 54544
005 - DATE AND TIME OF LATEST TRANSACTION
control field 20260407155819.0
008 - FIXED-LENGTH DATA ELEMENTS--GENERAL INFORMATION
fixed length control field 260407a1982 arg spa d
003 - CONTROL NUMBER IDENTIFIER
control field AR-UNSa-BCEJYS
040 ## - CATALOGING SOURCE
Original cataloging agency AR-UNSa-BCEJYS
Language of cataloging spa
Transcribing agency AR-UNSa-BCEJYS
080 ## - UNIVERSAL DECIMAL CLASSIFICATION NUMBER
Universal Decimal Classification number 330.1
Common auxiliary subdivision Ciencia económica. Conceptos fundamentales de teoría económica. Valor. Capital. Fondos
041 ## - LANGUAGE CODE
Language code of text/sound track or separate title spa
100 1# - MAIN ENTRY--PERSONAL NAME
Personal name Canavese, Alfredo Juan
245 10 - TITLE STATEMENT
Title La economía como disciplina cientifica
Name of part/section of a work ensayos en honor del profesor Dr. Francisco Valsecchi
264 #1 - PRODUCTION, PUBLICATION, DISTRIBUTION, MANUFACTURE, AND COPYRIGHT NOTICE
Place of production, publication, distribution, manufacture Buenos Aires :
Name of producer, publisher, distributor, manufacturer Ediciones Macchi
Date of production, publication, distribution, manufacture, or copyright notice 1982
300 ## - PHYSICAL DESCRIPTION
Extent 308 p.
Dimensions 22 cm.
505 ## - FORMATTED CONTENTS NOTE
Formatted contents note 1. Acerca del estatus epistemológico de las teorías económicas / Mario T. Marzana - 2. Economía estructural y sistemas lineales / Julio H. G. Olivera – 3. Valores en economía y en otras ciencias / Vicente Vázquez-Presedo – 4. Eficiencia, justicia y equidad en lo económico / Eduardo A. Zalduendo – 5. La tasa interna de retorno y el objetivo de maximizar beneficios / Alfredo Juan Canavese – 6. Acceso libre e inestabilidad del equilibrio bionómico – Jorge Eduardo Fernández-Pol – 7. Política del tipo de cambio en una economía pequeña: el crawlin-peg activo / Rolf Mantel y Ana María Martirena-Mantel – 8. Aspectos económicos de las migraciones internacionales de capital humano / Luisa Montuschi – 9. Demanda de dinero y formación de expectativas. Algunos resultados empíricos en Argentina / Elías Salama – 10. Eficiencia económica y distribución optima / Raúl E. Cuello – 11. Reflexiones acerca de un modelo económico argentino para la década del ochenta / Alieto Aldo Guadagni – 12. Desenvolvimiento histórico y renovación de la ciencia económica / Manuel Fernández López – 13. Adam Ferguson: ciencia, virtud y sociedad / Ezequiel Gallo – 14. Aspectos analíticos en la doctrina del justo precio de Juan de Matienzo (1520-1579) / Oreste Popescu – 15. Oferta monetaria y variaciones en la estructura de los precios relativos: el aporte de R. Cantillon / Javier Villanueva
590 ## - LOCAL NOTE (RLIN)
Local note niveau_biblio:m niveau_hierar:0
700 1# - ADDED ENTRY--PERSONAL NAME
Personal name Cuello, Raúl E.
700 1# - ADDED ENTRY--PERSONAL NAME
Personal name Fernández López, Manuel
700 1# - ADDED ENTRY--PERSONAL NAME
Personal name Fernandez Pol, Jorge E.
700 1# - ADDED ENTRY--PERSONAL NAME
Personal name Gallo, Ezequiel
700 1# - ADDED ENTRY--PERSONAL NAME
Personal name Guadagni, Alieto Aldo
700 1# - ADDED ENTRY--PERSONAL NAME
Personal name Mantel, Rolf R.
700 1# - ADDED ENTRY--PERSONAL NAME
Personal name Martirena-Mantel, Ana María
700 1# - ADDED ENTRY--PERSONAL NAME
Personal name Marzana, Mario T.
700 1# - ADDED ENTRY--PERSONAL NAME
Personal name Montuschi, Luisa
700 1# - ADDED ENTRY--PERSONAL NAME
Personal name Olivera, Julio H.G.
700 1# - ADDED ENTRY--PERSONAL NAME
Personal name Popescu, Oreste
700 1# - ADDED ENTRY--PERSONAL NAME
Personal name Salama, Elías
700 1# - ADDED ENTRY--PERSONAL NAME
Personal name Vázquez-Presedo, Vicente
700 1# - ADDED ENTRY--PERSONAL NAME
Personal name Villanueva, Javier
700 1# - ADDED ENTRY--PERSONAL NAME
Personal name Zalduendo, Eduardo A.
942 ## - ADDED ENTRY ELEMENTS (KOHA)
Koha item type
Existencias
Withdrawn status Lost status Damaged status Not for loan Home library Current library Shelving location Date acquired Total checkouts Full call number Barcode Date last seen Price effective from Koha item type
        Biblioteca Prof. Eusebio Cleto del Rey Biblioteca Prof. Eusebio Cleto del Rey   07/04/2026   330.1 E19 L39379 07/04/2026 07/04/2026 Libro